Hydrogen and syngas production and purification technologies (Record no. 355910)

000 -LEADER
fixed length control field 01347cam a2200397Ia 4500
001 - CONTROL NUMBER
control field 8631794
003 - CONTROL NUMBER IDENTIFIER
control field USPCAS-E
005 - DATE AND TIME OF LATEST TRANSACTION
control field 20180118181417.0
006 - FIXED-LENGTH DATA ELEMENTS--ADDITIONAL MATERIAL CHARACTERISTICS
fixed length control field m u
007 - PHYSICAL DESCRIPTION FIXED FIELD--GENERAL INFORMATION
fixed length control field cr cn|||||||||
008 - FIXED-LENGTH DATA ELEMENTS--GENERAL INFORMATION
fixed length control field 090602s2010 njua s 001 0 eng d
010 ## - LIBRARY OF CONGRESS CONTROL NUMBER
Canceled/invalid LC control number 2009022465
020 ## - INTERNATIONAL STANDARD BOOK NUMBER
Canceled/invalid ISBN 9780471719755 (cloth)
035 ## - SYSTEM CONTROL NUMBER
System control number (CaPaEBR)ebr10355237
035 ## - SYSTEM CONTROL NUMBER
System control number (NNC)8631794
040 ## - CATALOGING SOURCE
Original cataloging agency CaPaEBR
Transcribing agency CaPaEBR
050 14 - LIBRARY OF CONGRESS CALL NUMBER
Classification number TP359.H8
Item number H8434 2010eb
082 ## - DEWEY DECIMAL CLASSIFICATION NUMBER
Edition number 22
Classification number 665.81
Author Mark HYD 2010
245 00 - TITLE STATEMENT
Title Hydrogen and syngas production and purification technologies
Medium [electronic resource] /
Statement of responsibility, etc. edited by Ke Liu, Chunshan Song, Velu Subramani.
260 ## - PUBLICATION, DISTRIBUTION, ETC.
Place of publication, distribution, etc. Hoboken, NJ :
Name of publisher, distributor, etc. Wiley,
Date of publication, distribution, etc. c2010.
300 ## - PHYSICAL DESCRIPTION
Extent xvi, 533 p. :
Other physical details ill.
500 ## - GENERAL NOTE
General note Includes index.
502 ## - DISSERTATION NOTE
Dissertation note .
533 ## - REPRODUCTION NOTE
Type of reproduction Electronic reproduction.
Place of reproduction Palo Alto, Calif. :
Agency responsible for reproduction ebrary,
Date of reproduction 2010.
Note about reproduction Available via World Wide Web.
-- Access may be limited to ebrary affiliated libraries.
650 #0 - SUBJECT ADDED ENTRY--TOPICAL TERM
Topical term or geographic name entry element Hydrogen as fuel.
650 #0 - SUBJECT ADDED ENTRY--TOPICAL TERM
Topical term or geographic name entry element Synthesis gas.
650 #0 - SUBJECT ADDED ENTRY--TOPICAL TERM
Topical term or geographic name entry element Coal gasification.
655 #7 - INDEX TERM--GENRE/FORM
Genre/form data or focus term Electronic books.
Source of term local
700 1# - ADDED ENTRY--PERSONAL NAME
Personal name Liu, Ke,
Dates associated with a name 1964-
700 1# - ADDED ENTRY--PERSONAL NAME
Personal name Song, Chunshan.
700 1# - ADDED ENTRY--PERSONAL NAME
Personal name Subramani, Velu,
Dates associated with a name 1965-
710 2# - ADDED ENTRY--CORPORATE NAME
Corporate name or jurisdiction name as entry element ebrary, Inc.
856 40 - ELECTRONIC LOCATION AND ACCESS
Uniform Resource Identifier <a href="http://www.columbia.edu/cgi-bin/cul/resolve?clio8631794">http://www.columbia.edu/cgi-bin/cul/resolve?clio8631794</a>
Public note Click here for full text.
942 ## - ADDED ENTRY ELEMENTS (KOHA)
Source of classification or shelving scheme
Koha item type Book
Holdings
Withdrawn status Lost status Source of classification or shelving scheme Damaged status Not for loan Collection code Permanent Location Current Location Shelving location Date acquired Source of acquisition Cost, normal purchase price Total Checkouts Full call number Barcode Date last seen Price effective from Koha item type
            US-Pakistan Center for Advanced Studies in Energy (USPCAS-E) US-Pakistan Center for Advanced Studies in Energy (USPCAS-E)   01/05/2016 Iqra 9954.00   665.81 HYD 2010 CAS-E0001109 01/05/2016 01/05/2016 Book
            US-Pakistan Center for Advanced Studies in Energy (USPCAS-E) US-Pakistan Center for Advanced Studies in Energy (USPCAS-E)   01/05/2016 Iqra 9954.00   665.81 HYD 2010 CAS-E0001110 01/05/2016 01/05/2016 Book
© 2023 Central Library, National University of Sciences and Technology. All Rights Reserved.